000 00349nam a2200133 4500
005 20260530113846.0
100 1 _aThe partners of Pentagram
_930786
245 1 0 _aLiving by design
264 1 _bLund Humphries Publishers
_c1978
300 _a300 páginas
336 _atexto
_2rdacontent
337 _asin medio
_2rdamedia
338 _avolumen
_2rdacarrier
999 _c11312
_d11312